[Event "Titled Tuesday intern op 21st July"]
[Site "Chess.com INT"]
[Date "2020.07.21"]
[Round "4"]
[White "Siddharth, Jagadeesh"]
[Black "Manninen, Marko"]
[Result "1-0"]
[WhiteElo "2320"]
[BlackElo "2377"]
[PlyCount "107"]
[EventDate "2020.07.21"]
[EventType "swiss (blitz)"]
[EventRounds "10"]
[EventCountry "USA"]
[SourceTitle "CBM 197 Extra"]
[Source "ChessBase"]
[SourceDate "2020.09.30"]
[SourceVersion "1"]
[SourceVersionDate "2020.09.30"]
[SourceQuality "1"]

1. d4 Nf6 2. Nf3 g6 3. c3 Bg7 4. Bg5 d5 5. Nbd2 c6 6. e3 Bf5 7. Qb3 Qb6 8. a4 Nbd7 9. a5 Qxb3 10. Nxb3 0-0 11. Bf4 Nh5 12. h3 Nxf4 13. exf4 b6 14. Be2 c5 15. 0-0 c4 16. Nbd2 Rfb8 17. g4 Be6 18. a6 Nf6 19. Ng5 Bd7 20. Ngf3 Rc8 21. Ne5 Rc7 22. Bf3 Rd8 23. Kg2 e6 24. Rfe1 Bc8 25. Nf1 Ne8 26. Bd1 f6 27. Nf3 Nd6 28. Bc2 f5 29. Ne5 Nf7 30. Nxf7 Kxf7 31. Nd2 Bf6 32. g5 Be7 33. h4 Bd6 34. Kf3 Kg8 35. h5 Rg7 36. Rh1 Kf7 37. Rh4 Re8 38. Rah1 Bd7 39. hxg6+ hxg6 40. Ke3 b5 41. Nf3 Rb8 42. Rh8 Rxh8 43. Rxh8 Rg8 44. Rh7+ Rg7 45. Rh6 Bc8 46. Rh1 Bd7 47. b4 Rg8 48. Rh7+ Rg7 49. Rh6 Rg8 50. Nh4 Rg7 51. Bd1 Bc8 52. Nxg6 Bxa6 53. Bh5 Kg8 54. Rh8+ 1-0

[Event "Titled Tuesday intern op 14th July"]
[Site "Chess.com INT"]
[Date "2020.07.14"]
[Round "1"]
[White "Bykhovsky, Anatoly"]
[Black "Manninen, Marko"]
[Result "1-0"]
[WhiteElo "2496"]
[BlackElo "2377"]
[PlyCount "53"]
[EventDate "2020.07.14"]
[EventType "swiss (blitz)"]
[EventRounds "10"]
[EventCountry "USA"]
[SourceTitle "CBM 197 Extra"]
[Source "ChessBase"]
[SourceDate "2020.09.30"]
[SourceVersion "1"]
[SourceVersionDate "2020.09.30"]
[SourceQuality "1"]

1. d4 Nf6 2. Nf3 g6 3. c4 Bg7 4. Nc3 d6 5. Bg5 Bg4 6. e3 Nc6 7. Be2 0-0 8. d5 Nb8 9. 0-0 c6 10. Rc1 Na6 11. Nd4 Bxe2 12. Qxe2 cxd5 13. cxd5 Nc7 14. e4 Re8 15. Rfd1 h6 16. Bh4 e6 17. dxe6 Nxe6 18. Ndb5 d5 19. Nxd5 g5 20. Ndc7 Nxc7 21. Rxd8 Raxd8 22. Nxc7 Rxe4 23. Qb5 gxh4 24. Qxb7 Re7 25. h3 Nd5 26. Rd1 Be5 27. Rxd5 1-0

[Event "Titled Tuesday intern op 14th July"]
[Site "Chess.com INT"]
[Date "2020.07.14"]
[Round "6"]
[White "Gretarsson, Helgi Ass"]
[Black "Manninen, Marko"]
[Result "1-0"]
[WhiteElo "2401"]
[BlackElo "2377"]
[PlyCount "73"]
[EventDate "2020.07.14"]
[EventType "swiss (blitz)"]
[EventRounds "10"]
[EventCountry "USA"]
[SourceTitle "CBM 197 Extra"]
[Source "ChessBase"]
[SourceDate "2020.09.30"]
[SourceVersion "1"]
[SourceVersionDate "2020.09.30"]
[SourceQuality "1"]

1. d4 d5 2. c4 e6 3. Nc3 c5 4. cxd5 exd5 5. Nf3 Nc6 6. g3 Nf6 7. Bg2 Be7 8. 0-0 0-0 9. Bg5 c4 10. Ne5 Be6 11. e3 Nd7 12. Bxe7 Nxe7 13. Nf3 Nf6 14. b3 Qa5 15. Qd2 Rac8 16. Rfc1 Rfd8 17. h3 Bf5 18. bxc4 dxc4 19. Ne5 Qxe5 20. Bxb7 Rb8 21. Bg2 Qa5 22. e4 Bg6 23. d5 Nd7 24. Qd4 Qc5 25. Rd1 Qxd4 26. Rxd4 Nb6 27. a4 Rbc8 28. a5 Nd7 29. Nb5 a6 30. Nd6 Rc7 31. Nxc4 Rc5 32. e5 f6 33. e6 Ne5 34. Nb6 N7c6 35. Rd2 Nb4 36. d6 Nbd3 37. f4 1-0

[Event "Leon blitz op 33rd"]
[Site "Chess.com INT"]
[Date "2020.07.14"]
[Round "7"]
[White "Manninen, Marko"]
[Black "Christensen, Thomas1111"]
[Result "0-1"]
[WhiteElo "2377"]
[BlackElo "2143"]
[PlyCount "84"]
[EventDate "2020.07.14"]
[EventType "swiss (blitz)"]
[EventRounds "10"]
[EventCountry "ESP"]
[SourceTitle "CBM 197 Extra"]
[Source "ChessBase"]
[SourceDate "2020.09.30"]
[SourceVersion "1"]
[SourceVersionDate "2020.09.30"]
[SourceQuality "1"]

1. d4 Nc6 2. Nf3 d6 3. g3 g6 4. Bg2 Bg7 5. d5 Ne5 6. Nxe5 Bxe5 7. Nd2 Bg7 8. 0-0 e5 9. dxe6 fxe6 10. e4 Ne7 11. f4 0-0 12. Kh1 Nc6 13. c3 e5 14. Nf3 Kh8 15. Be3 Bg4 16. Qd2 Qe7 17. h3 Bd7 18. f5 gxf5 19. exf5 Bxf5 20. Nh4 Be6 21. Bg5 Qd7 22. Kh2 Rxf1 23. Rxf1 Rf8 24. Rxf8+ Bxf8 25. Bf6+ Bg7 26. Qg5 Qf7 27. Bxg7+ Qxg7 28. Qxg7+ Kxg7 29. Bxc6 bxc6 30. a3 Kf6 31. g4 e4 32. Kg3 Ke5 33. Ng2 c5 34. h4 d5 35. g5 d4 36. h5 e3 37. Nf4 Bf7 38. g6 hxg6 39. hxg6 Bg8 40. g7 Ke4 41. Nh5 Kd3 42. Nf6 Bf7 0-1

[Event "Leon blitz op 33rd"]
[Site "Chess.com INT"]
[Date "2020.07.14"]
[Round "9"]
[White "Manninen, Marko"]
[Black "Li, Hui"]
[Result "1-0"]
[WhiteElo "2377"]
[BlackElo "1985"]
[PlyCount "103"]
[EventDate "2020.07.14"]
[EventType "swiss (blitz)"]
[EventRounds "10"]
[EventCountry "ESP"]
[SourceTitle "CBM 197 Extra"]
[Source "ChessBase"]
[SourceDate "2020.09.30"]
[SourceVersion "1"]
[SourceVersionDate "2020.09.30"]
[SourceQuality "1"]

1. e4 c5 2. Nf3 d6 3. g3 Nf6 4. d3 g6 5. Bg2 Bg7 6. 0-0 0-0 7. c3 Nc6 8. Re1 e5 9. Nbd2 Rb8 10. Nf1 b5 11. Bg5 h6 12. Bxf6 Bxf6 13. Ne3 Bg7 14. Nh4 Be6 15. Bf3 Ne7 16. Nc2 d5 17. exd5 Nxd5 18. Ne3 Nxe3 19. Rxe3 Kh7 20. Qc2 a6 21. a3 Qb6 22. Rae1 Rbd8 23. Bg2 Qd6 24. Nf3 Bd5 25. Nxe5 Bxg2 26. Kxg2 Bxe5 27. Rxe5 Qxd3 28. Qxd3 Rxd3 29. Rxc5 Rd2 30. b4 Ra2 31. Re7 Rxa3 32. Ra7 Kg7 33. Rxb5 axb5 34. Rxa3 Rc8 35. Kf3 Kf6 36. Ke4 Re8+ 37. Kd4 Re2 38. Kc5 Rxf2 39. Kxb5 Rxh2 40. c4 g5 41. c5 Rc2 42. Kc6 h5 43. b5 h4 44. gxh4 gxh4 45. b6 Kg5 46. Rb3 Re2 47. b7 Re8 48. Kd7 Rb8 49. c6 Kg4 50. c7 Rxb7 51. Rxb7 h3 52. Rb1 1-0

[Event "Leon blitz op 33rd"]
[Site "Chess.com INT"]
[Date "2020.07.14"]
[Round "1"]
[White "Manninen, Marko"]
[Black "Visakh, Narayanan Rajeswari"]
[Result "0-1"]
[WhiteElo "2377"]
[BlackElo "2516"]
[PlyCount "62"]
[EventDate "2020.07.14"]
[EventType "swiss (blitz)"]
[EventRounds "10"]
[EventCountry "ESP"]
[SourceTitle "CBM 197 Extra"]
[Source "ChessBase"]
[SourceDate "2020.09.30"]
[SourceVersion "1"]
[SourceVersionDate "2020.09.30"]
[SourceQuality "1"]

1. d4 Nf6 2. c4 g6 3. Nf3 Bg7 4. g3 c6 5. Bg2 d5 6. cxd5 cxd5 7. 0-0 0-0 8. Ne5 Ng4 9. Nxg4 Bxg4 10. Nc3 Nc6 11. h3 Be6 12. e3 Rc8 13. Bd2 Qd6 14. Na4 b6 15. Qb3 Qd7 16. Kh2 Rc7 17. Rac1 Rfc8 18. Qa3 h5 19. h4 Bf5 20. Rfe1 e6 21. b4 Bf8 22. Qb2 Nxb4 23. Rxc7 Rxc7 24. Nxb6 axb6 25. Bxb4 Qb5 26. Ba3 Qxb2 27. Bxb2 Rc2 28. Bc1 Rxf2 29. Kg1 Rxa2 30. e4 dxe4 31. Bxe4 Bb4 0-1

[Event "Leon blitz op 33rd"]
[Site "Chess.com INT"]
[Date "2020.07.14"]
[Round "6"]
[White "Xu, Yuanyuan"]
[Black "Manninen, Marko"]
[Result "1-0"]
[WhiteElo "2317"]
[BlackElo "2377"]
[PlyCount "67"]
[EventDate "2020.07.14"]
[EventType "swiss (blitz)"]
[EventRounds "10"]
[EventCountry "ESP"]
[SourceTitle "CBM 197 Extra"]
[Source "ChessBase"]
[SourceDate "2020.09.30"]
[SourceVersion "1"]
[SourceVersionDate "2020.09.30"]
[SourceQuality "1"]

1. d4 Nf6 2. c4 g6 3. Nc3 Bg7 4. e4 d6 5. h3 0-0 6. Be3 Na6 7. g4 c6 8. Bg2 e5 9. d5 cxd5 10. cxd5 Nd7 11. Nge2 Nb6 12. b3 Bd7 13. Ng3 Rc8 14. Rc1 Nc5 15. h4 Bf6 16. g5 Be7 17. Qd2 f5 18. gxf6 Bxf6 19. h5 g5 20. h6 Kh8 21. Nh5 Be7 22. Bf1 Qe8 23. Be2 Qg6 24. Ng3 g4 25. b4 Nca4 26. Nxa4 Nxa4 27. Rxc8 Rxc8 28. 0-0 Nc3 29. Bd3 Bh4 30. Rc1 Na4 31. Rxc8+ Bxc8 32. Qc2 Qe8 33. Qc7 Qd8 34. Qg7# 1-0

[Event "Dos Hermanas Internet qual-C 10th"]
[Site "ICC INT"]
[Date "2009.03.14"]
[Round "6"]
[White "Vovk, Yuri"]
[Black "Manninen, Marko"]
[Result "1-0"]
[WhiteElo "2545"]
[BlackElo "2377"]
[PlyCount "103"]
[EventDate "2009.03.14"]
[EventType "swiss (blitz)"]
[EventRounds "12"]
[EventCountry "ESP"]
[SourceTitle "CBM 129 Extra"]
[Source "ChessBase"]
[SourceDate "2009.05.05"]
[SourceVersion "2"]
[SourceVersionDate "2009.05.20"]
[SourceQuality "1"]

1. e4 e6 2. d4 d5 3. Nd2 Be7 4. Ngf3 Nf6 5. e5 Nfd7 6. Bd3 c5 7. c3 b6 8. 0-0 Bb7 9. Re1 Qc8 10. Nf1 Ba6 11. Bc2 Nc6 12. Ng3 h6 13. h4 g6 14. h5 g5 15. Nh2 Qb7 16. Ng4 0-0-0 17. Be3 Kb8 18. b3 Ka8 19. a3 Na5 20. Nf1 Rc8 21. Nd2 Qc7 22. Rc1 cxd4 23. Bxd4 Bc5 24. b4 Bxd4 25. cxd4 Nc4 26. Nxc4 Bxc4 27. Ba4 Qb7 28. Qd2 b5 29. Bc2 Nb6 30. f4 gxf4 31. Qxf4 Qe7 32. Nf6 Na4 33. Bxa4 bxa4 34. Rc3 Qf8 35. Rg3 Bb3 36. Kh2 Rc2 37. Rc1 Qc8 38. Rxc2 Bxc2 39. Rg7 Qf8 40. Qg3 Bf5 41. Rg8 Rxg8 42. Qxg8 Qxg8 43. Nxg8 Bg4 44. Nf6 Bf5 45. g4 Bd3 46. Ng8 Kb7 47. Nxh6 Kb6 48. Nxf7 Kb5 49. g5 Bh7 50. g6 Bg8 51. h6 Kc4 52. h7 1-0

[Event "Dos Hermanas Internet qual-A 10th"]
[Site "ICC INT"]
[Date "2009.03.13"]
[Round "11"]
[White "Manninen, Marko"]
[Black "Dziuba, Marcin"]
[Result "0-1"]
[WhiteElo "2377"]
[BlackElo "2556"]
[PlyCount "76"]
[EventDate "2009.03.13"]
[EventType "swiss (blitz)"]
[EventRounds "12"]
[EventCountry "ESP"]
[SourceTitle "CBM 129 Extra"]
[Source "ChessBase"]
[SourceDate "2009.05.05"]
[SourceVersion "2"]
[SourceVersionDate "2009.05.20"]
[SourceQuality "1"]

1. d4 Nf6 2. c4 g6 3. Nf3 Bg7 4. g3 0-0 5. Bg2 d5 6. 0-0 dxc4 7. Na3 c3 8. bxc3 c5 9. e3 Nc6 10. Bb2 Bf5 11. Nd2 Rc8 12. Re1 cxd4 13. cxd4 Bd3 14. Nb3 Bf5 15. e4 Bg4 16. f3 Bd7 17. Kh1 Na5 18. d5 Ba4 19. Rb1 b5 20. f4 b4 21. Nc2 Nxb3 22. Bxf6 Bxf6 23. axb3 Bb5 24. Nxb4 Bc3 25. Nc6 Bxc6 26. dxc6 Bxe1 27. Qxe1 Rxc6 28. e5 Rb6 29. b4 Qd4 30. b5 Rd8 31. h4 e6 32. Kh2 Qd2 33. Qe4 Qd3 34. Qb4 Rdb8 35. Bf1 Qc2+ 36. Kh1 a6 37. Rb2 Qc1 38. Rb1 Qe3 0-1

[Event "FIN-chT 0607"]
[Site "Finland"]
[Date "2006.10.21"]
[Round "3.3"]
[White "Manninen, Marko"]
[Black "Parkkinen, Jyrki"]
[Result "1/2-1/2"]
[WhiteElo "2380"]
[BlackElo "2226"]
[PlyCount "81"]
[EventDate "2006.09.14"]
[EventType "team-tourn"]
[EventRounds "9"]
[EventCountry "FIN"]
[SourceTitle "EXT 2022"]
[Source "ChessBase"]
[SourceDate "2021.10.06"]
[SourceVersion "1"]
[SourceVersionDate "2021.10.06"]
[SourceQuality "1"]
[WhiteTeam "Helsinki Velhot"]
[BlackTeam "Helsinki HSK"]
[WhiteTeamCountry "FIN"]
[BlackTeamCountry "FIN"]

1. d4 d5 2. c4 dxc4 3. e3 e5 4. Bxc4 exd4 5. exd4 Bb4+ 6. Nc3 Qe7+ 7. Be3 Nf6 8. Nf3 0-0 9. 0-0 c6 10. Re1 Qd6 11. h3 Nbd7 12. Bb3 Nb6 13. a3 Ba5 14. Ne5 Nbd5 15. Nc4 Qd8 16. Nxa5 Qxa5 17. Bd2 Qb6 18. Nxd5 Nxd5 19. Bxd5 cxd5 20. Bb4 Rd8 21. Qd2 Qg6 22. Re3 Be6 23. Rg3 Qf6 24. Rf3 Qh4 25. Re1 Rac8 26. Re5 Rd7 27. Bc3 h6 28. Qe3 Kh8 29. Rg3 Re7 30. f4 Ree8 31. Qf3 Bd7 32. Kh2 Bc6 33. Rg4 Qf6 34. f5 Rg8 35. Rf4 Rce8 36. Qg3 Qg5 37. Qf2 f6 38. Rg4 Qh5 39. Rxe8 Rxe8 40. Qg3 Qf7 41. Rf4 1/2-1/2

[Event "FIN-chT 0506"]
[Site "Finland"]
[Date "2005.10.09"]
[Round "4.3"]
[White "Manninen, Marko"]
[Black "Lehtinen, Heikki"]
[Result "1/2-1/2"]
[WhiteElo "2385"]
[BlackElo "2402"]
[PlyCount "24"]
[EventDate "2005.09.10"]
[EventType "team-tourn"]
[EventRounds "9"]
[EventCountry "FIN"]
[SourceTitle "EXT 2022"]
[Source "ChessBase"]
[SourceDate "2021.10.06"]
[SourceVersion "1"]
[SourceVersionDate "2021.10.06"]
[SourceQuality "1"]
[WhiteTeam "Helsinki Velhot"]
[BlackTeam "Tampere OpusCapita"]
[WhiteTeamCountry "FIN"]
[BlackTeamCountry "FIN"]

1. d4 g6 2. Nf3 Bg7 3. g3 d6 4. Bg2 Nd7 5. 0-0 e5 6. c4 Ne7 7. Nc3 0-0 8. e4 exd4 9. Nxd4 Nc6 10. Nde2 a5 11. Rb1 Nc5 12. Be3 f5 1/2-1/2

[Event "Kajaani We KaSY op"]
[Site "Kajaani"]
[Date "2005.07.17"]
[Round "2"]
[White "Pukkinen, Seppo"]
[Black "Manninen, Marko"]
[Result "0-1"]
[WhiteElo "2008"]
[BlackElo "2402"]
[PlyCount "98"]
[EventDate "2004.07.17"]
[EventType "swiss"]
[EventRounds "5"]
[EventCountry "FIN"]
[SourceTitle "EXT 2009"]
[Source "ChessBase"]
[SourceDate "2008.11.26"]
[SourceVersion "1"]
[SourceVersionDate "2008.11.26"]
[SourceQuality "1"]

1. e4 e6 2. d4 d5 3. Nd2 Be7 4. Bd3 Nf6 5. e5 Nfd7 6. Ne2 c5 7. c3 b6 8. 0-0 Ba6 9. Bxa6 Nxa6 10. f4 g6 11. Nf3 Qc7 12. Be3 Rc8 13. Kh1 b5 14. a3 Nb6 15. Bg1 Qd7 16. Qd3 Na4 17. Rfb1 Rb8 18. Qc2 cxd4 19. Nfxd4 N6c5 20. Rf1 h5 21. h3 Ne4 22. Rf3 h4 23. Be3 Nb6 24. Nb3 Nc4 25. Nd2 Ncxd2 26. Bxd2 Rc8 27. Be3 a6 28. Bd4 Qc6 29. Re1 Qc4 30. Kh2 Rb8 31. b4 Ra8 32. Qb2 Kd7 33. Nc1 a5 34. Nb3 a4 35. Nc1 Rhc8 36. Ne2 Qb3 37. Qc1 Qa2 38. Re3 Ra6 39. Qa1 Qxa1 40. Rxa1 Nd2 41. Ra2 Nf1+ 42. Kg1 Nxe3 43. Bxe3 Rc4 44. Kf2 Ra8 45. Ke1 Rg8 46. Kd2 g5 47. Kd3 gxf4 48. Nxf4 Re4 49. Re2 Rxe5 0-1

[Event "FIN-chT qual 0405"]
[Site "Helsinki"]
[Date "2005.04.02"]
[Round "10"]
[White "Manninen, Marko"]
[Black "Satonen, Arto"]
[Result "1/2-1/2"]
[WhiteElo "2395"]
[BlackElo "2226"]
[PlyCount "51"]
[EventDate "2005.04.02"]
[EventType "team-match"]
[EventRounds "1"]
[EventCountry "FIN"]
[SourceTitle "EXT 2019"]
[Source "ChessBase"]
[SourceDate "2018.10.10"]
[SourceVersion "1"]
[SourceVersionDate "2018.10.10"]
[SourceQuality "1"]
[WhiteTeam "Helsinki Velhot"]
[BlackTeam "Sastamala VammSK"]
[WhiteTeamCountry "FIN"]
[BlackTeamCountry "FIN"]

1. d4 d5 2. c4 e6 3. Nc3 c5 4. cxd5 exd5 5. Nf3 Nc6 6. dxc5 d4 7. Na4 Bxc5 8. Nxc5 Qa5+ 9. Qd2 Qxc5 10. e3 dxe3 11. Qxe3+ Qxe3+ 12. Bxe3 Nf6 13. Bc5 Be6 14. Bb5 Ne4 15. Be3 0-0 16. 0-0 Bd5 17. Rfd1 Rfd8 18. Ba4 h6 19. Nd4 Ne5 20. Bc2 Ng4 21. Nf5 Nxe3 22. Nxe3 Bc6 23. Nf5 Kf8 24. Nd4 Bd5 25. Nb5 a6 26. Bxe4 1/2-1/2

[Event "FIN-chT1A 0405"]
[Site "Finland"]
[Date "2004.09.18"]
[Round "1.3"]
[White "Manninen, Marko"]
[Black "Ketola, Ville"]
[Result "0-1"]
[WhiteElo "2395"]
[BlackElo "2124"]
[PlyCount "76"]
[EventDate "2004.09.18"]
[EventType "team-tourn"]
[EventRounds "7"]
[EventCountry "FIN"]
[SourceTitle "EXT 2022"]
[Source "ChessBase"]
[SourceDate "2021.10.06"]
[SourceVersion "1"]
[SourceVersionDate "2021.10.06"]
[SourceQuality "1"]
[WhiteTeam "Helsinki Velhot"]
[BlackTeam "Eura SK"]
[WhiteTeamCountry "FIN"]
[BlackTeamCountry "FIN"]

1. d4 Nf6 2. c4 e5 3. dxe5 Ng4 4. Nh3 Nxe5 5. e3 Bb4+ 6. Bd2 Bxd2+ 7. Qxd2 d6 8. Nf4 Nbd7 9. Nc3 Nf6 10. Be2 Bf5 11. f3 Be6 12. b3 g5 13. Nxe6 fxe6 14. f4 gxf4 15. exf4 Ng6 16. Bf3 Rb8 17. 0-0-0 0-0 18. g3 a6 19. Rhe1 Re8 20. h4 b5 21. Bc6 b4 22. Ne2 Nd7 23. Nd4 Ngf8 24. Qe2 Kh8 25. Qg4 Qe7 26. Kb1 Qf7 27. Nf3 h5 28. Qh3 Qg6+ 29. Be4 Qf6 30. Ng5 Nc5 31. Bc2 a5 32. Qg2 a4 33. Qe2 axb3 34. Bxb3 Nxb3 35. axb3 Ra8 36. Qb2 e5 37. fxe5 Qf5+ 38. Qc2 Ra1+ 0-1

[Event "Heart of Finland op 14th"]
[Site "Jyvaskyla"]
[Date "2004.07.24"]
[Round "8"]
[White "Manninen, Marko"]
[Black "Lehtinen, Heikki"]
[Result "1/2-1/2"]
[WhiteElo "2402"]
[BlackElo "2404"]
[PlyCount "22"]
[EventDate "2004.07.21"]
[EventType "swiss"]
[EventRounds "9"]
[EventCountry "FIN"]
[SourceTitle "EXT 2007"]
[Source "ChessBase"]
[SourceDate "2006.11.23"]
[SourceVersion "1"]
[SourceVersionDate "2006.11.23"]
[SourceQuality "1"]

1. d4 d6 2. Nf3 g6 3. g3 Bg7 4. Bg2 Nd7 5. 0-0 e5 6. c4 Ne7 7. Nc3 0-0 8. e4 exd4 9. Nxd4 Nc6 10. Nxc6 bxc6 11. Qc2 Qf6 1/2-1/2

[Event "Heart of Finland op 14th"]
[Site "Jyvaskyla"]
[Date "2004.07.23"]
[Round "5"]
[White "Molander, Riku"]
[Black "Manninen, Marko"]
[Result "1/2-1/2"]
[WhiteElo "2345"]
[BlackElo "2402"]
[PlyCount "58"]
[EventDate "2004.07.21"]
[EventType "swiss"]
[EventRounds "9"]
[EventCountry "FIN"]
[SourceTitle "EXT 2007"]
[Source "ChessBase"]
[SourceDate "2006.11.23"]
[SourceVersion "1"]
[SourceVersionDate "2006.11.23"]
[SourceQuality "1"]

1. e4 e6 2. d4 d5 3. e5 c5 4. c3 Nc6 5. Nf3 Qb6 6. a3 c4 7. Nbd2 Na5 8. Be2 Bd7 9. 0-0 Ne7 10. Rb1 Rc8 11. g3 Nf5 12. Re1 Be7 13. Qc2 Bd8 14. Bd1 Rc6 15. Nf1 Qc7 16. Qe2 h6 17. Bc2 Rb6 18. h4 Be7 19. h5 Qd8 20. Ne3 Nxe3 21. Bxe3 Bc6 22. Nd2 Qd7 23. Qd1 Kd8 24. Rf1 f5 25. g4 Rf8 26. f4 Qe8 27. Rf2 g6 28. hxg6 Qxg6 29. Rg2 Qf7 1/2-1/2

[Event "Heart of Finland op 14th"]
[Site "Jyvaskyla"]
[Date "2004.07.21"]
[Round "2"]
[White "Manninen, Marko"]
[Black "Tuominen, Tanja"]
[Result "1/2-1/2"]
[WhiteElo "2402"]
[BlackElo "2125"]
[PlyCount "115"]
[EventDate "2004.07.21"]
[EventType "swiss"]
[EventRounds "9"]
[EventCountry "FIN"]
[SourceTitle "EXT 2007"]
[Source "ChessBase"]
[SourceDate "2006.11.23"]
[SourceVersion "1"]
[SourceVersionDate "2006.11.23"]
[SourceQuality "1"]

1. d4 d5 2. c4 c6 3. Nc3 Nf6 4. Nf3 dxc4 5. a4 Bg4 6. Ne5 Bh5 7. f3 Nfd7 8. Nxc4 e5 9. g3 Bb4 10. dxe5 0-0 11. Bh3 Qe7 12. f4 f6 13. e6 Nb6 14. Nxb6 axb6 15. f5 Rd8 16. Qb3 Na6 17. Be3 Nc5 18. Qc2 b5 19. 0-0 bxa4 20. g4 Be8 21. Rf4 Na6 22. Nxa4 Bd6 23. Rff1 Nb4 24. Qe4 c5 25. Nc3 Rxa1 26. Rxa1 Bc6 27. Qc4 Nc2 28. Nd5 Bxd5 29. Qxc2 Qc7 30. Bf2 Bxh2+ 31. Kf1 Bd6 32. Rd1 Be7 33. Bg2 Qc6 34. Bxd5 Rxd5 35. Rxd5 Qxd5 36. e4 Qc6 37. Qc4 Qd6 38. Qd5 b6 39. Kg2 Kf8 40. Bg3 Qd8 41. Qd7 Qa8 42. Kf3 Qe8 43. Bd6 Bxd6 44. Qxd6+ Qe7 45. Qb8+ Qe8 46. Qxb6 h5 47. Qxc5+ Kg8 48. e7 hxg4+ 49. Kxg4 Kh7 50. Qd6 Qb5 51. Qh2+ Kg8 52. Qd2 Kh7 53. Kf3 Qb3+ 54. Kg2 Qb5 55. Qd1 g6 56. fxg6+ Kxg6 57. Qd4 Kf7 58. b4 1/2-1/2